Times por Escudo - Brasileirão Serie C 2025 - Statistics

Estatísticas Gerais
  • Esse quiz foi jogado 184 vezes
  • A pontuação média é 16 de 20
Estatísticas das Respostas
Imagem Resposta % Correto
Londrina
95%
Ponte Preta
94%
Brusque
93%
CSA
93%
Ituano
93%
Náutico
93%
Botafogo PB
92%
Figueirense
92%
ABC
89%
Caxias
88%
Guarani
83%
Tombense
81%
Floresta
80%
Maringá
78%
São Bernardo
78%
Retrô
75%
Ypiranga RS
70%
Confiança
60%
Anápolis
44%
Itabaiana
36%
Nenhum quiz correspondente encontrado
Distribuição das Pontuações
Porcentagem de Pessoas com Cada Pontuação
Percentil de Números Respondidos
Sua Pontuação Histórica
Você não jogou esse quiz